| 000 | 00704nam a2200229 a 4500 | ||
|---|---|---|---|
| 008 | |||
| 020 | _a0443071780(pbk.) | ||
| 049 | _aMAIN | ||
| 090 | _aRC86.8 ACU | ||
| 245 | 1 | 0 |
_aAcute medicine pocketbook : _bevidence-based on call, _cedited by Christopher M. Ball and Robert S. Phillips. |
| 260 |
_aEdinburgh : _bChurchill livingstone, _c2002. |
||
| 300 |
_axii, 203 p. : _bill. ; _c19 cm. |
||
| 500 | _aIncludes index. | ||
| 500 | _aAcute medicine. | ||
| 700 | _aPhillips, Robert S. | ||
| 700 | _aBall, Christopher M. | ||
| 907 |
_a.b10258930 _b26-01-15 _c09-12-08 |
||
| 003 | |||
| 005 | 20230120204009.0 | ||
| 040 | _cNUST | ||
| 942 |
_cBOOKS _kRC86.8 ACU |
||
| 999 |
_c115272 _d115272 |
||